000 00866nam a2200241 a 4500
001 40534
003 BD-RjUL
005 20211209053233.0
008 160503s1978 bg ||||| |||| 00| 0 ben d
020 _c: 10.00
035 _a(BD-RjUL)40649
040 _aBD-RjUL
_bben
_cBD-RjUL
041 _aben
082 _223
_a110
_bWAS 1978
100 _aওয়ালী, মাহতাব উদ্দীন
_9124803
245 1 0 _aশূন্য শক্তি শব্দ সৃষ্টি মানব কৃষ্টি /
_cমাহতাব উদ্দীন ওয়ালী
250 _a১ম সং.
260 _aকুস্টিয়া :
_bলেখক,
_c১৯৭৮
300 _a[১০], ১৫০,৬ পৃ. ;
_c২১ সেমি.
650 _aMetaphysics
_9120435
650 _aঅধিবিদ্যা
_9120434
942 _2ddc
_cBK
999 _c40534
_d40534